TENWEK HOSP HOME | SOC  | ASK A LIBRARIANSTAFF LOGIN  |  DIGITAL REPOSITORYe-BOOK PORTAL  |  OFF-CAMPUS PORTAL  |  DONATE
Normal view MARC view

Entry Personal Name

Number of records used in: 1

001 - CONTROL NUMBER

  • control field: 292

003 - CONTROL NUMBER IDENTIFIER

  • control field: Ke-BoTe

005 - DATE AND TIME OF LATEST TRANSACTION

  • control field: 20211104114053.0

008 - FIXED-LENGTH DATA ELEMENTS

  • fixed length control field: 211104|| aca||aabn | a|a d

040 ## - CATALOGING SOURCE

  • Original cataloging agency: Ke-BoTe
  • Transcribing agency: Ke-BoTe

100 ## - HEADING--PERSONAL NAME

  • Personal name: Idowu, E. Bolaji

670 ## - SOURCE DATA FOUND

  • Source citation: Work cat.: (Ke-BoTe)88: Idowu, E. Bolaji., African traditional religion:, [1973]